000 00597cam a22002052 4500
001 0000004877
005 20151217155826.0
008 070530s xx 000 0 eng d
020 _a0821416898 :
_cGBP 20.75
040 _aKABU
_cKABU
050 0 _aRA643
_b.A35I45
100 1 _aIliffe, John.
_@0000133882
245 1 4 _aThe African aids epidemic :
_ba history.
260 _aOxford :
_bJames Currey,
_c2006.
300 _alx, 214 p.
650 0 _aAids (Disease)
_zAfrica
_xHistory.
_@0000155789
908 _a070530
950 _@1
999 _c12942
_d12942